[Event "Las Palmas op 32nd"]
[White "Navarro Cabrera, Agustin"]
[Black "Navarro Molina, David"]
[Site "Las Palmas"]
[Round "2"]
[Result "1-0"]
[Date "2011.12.03"]
[WhiteElo "1818"]
[BlackElo "2172"]
[PlyCount "49"]
[EventDate "2011.12.02"]
[EventType "swiss"]
[EventRounds "9"]
[EventCountry "ESP"]
[SourceTitle "CBM 145 Extra"]
[Source "ChessBase"]
[SourceDate "2012.01.03"]
[SourceVersion "1"]
[SourceVersionDate "2012.01.03"]
[SourceQuality "1"]

1. e4 c5 2. d4 cxd4 3. c3 dxc3 4. Nxc3 e6 5. Nf3 Nc6 6. Bc4 a6 7. Qe2 Nge7 8. Bg5 h6 9. Be3 d6 10. 0-0 Ng6 11. Rfd1 Bd7 12. Rac1 Rc8 13. a3 Qf6 14. e5 Ncxe5 15. Nxe5 Qxe5 16. f4 Qa5 17. Nd5 Ne7 18. Bb6 Qa4 19. Nc7+ Rxc7 20. Bxc7 d5 21. Ba2 Qe4 22. Qf2 f6 23. Bb1 Qa4 24. Rd4 Qb5 25. Rb4 1-0

[Event "Las Palmas op 32nd"]
[White "Navarro Molina, David"]
[Black "Quiza Vazquez, Carolina"]
[Site "Las Palmas"]
[Round "1"]
[Result "1-0"]
[Date "2011.12.02"]
[WhiteElo "2172"]
[BlackElo "1611"]
[PlyCount "79"]
[EventDate "2011.12.02"]
[EventType "swiss"]
[EventRounds "9"]
[EventCountry "ESP"]
[SourceTitle "CBM 145 Extra"]
[Source "ChessBase"]
[SourceDate "2012.01.03"]
[SourceVersion "1"]
[SourceVersionDate "2012.01.03"]
[SourceQuality "1"]

1. d4 Nf6 2. c4 e6 3. Nf3 d5 4. Bg5 Bb4+ 5. Nc3 Bxc3+ 6. bxc3 b6 7. cxd5 exd5 8. e3 0-0 9. c4 Bb7 10. Rc1 Nbd7 11. cxd5 Bxd5 12. Bc4 Bxc4 13. Rxc4 Rc8 14. Rc6 Qe8 15. Bxf6 Nxf6 16. Qc2 Qe7 17. 0-0 Nd5 18. Rc1 Rfe8 19. Qc4 Red8 20. Ne5 f6 21. Nf3 Kh8 22. h3 a5 23. h4 Rd6 24. e4 Rxc6 25. Qxc6 Nb4 26. Qb7 Qd7 27. a3 Nd3 28. Rc6 Nf4 29. g3 Qg4 30. Rxc7 Rd8 31. Nh2 Qd1+ 32. Nf1 Ne2+ 33. Kg2 Nxd4 34. Rxg7 Qh5 35. Qe7 Rc8 36. Rf7 Kg8 37. Rxf6 Qg4 38. Ne3 Qe2 39. Qf7+ Kh8 40. Rh6 1-0

[Event "Arucas op 7th"]
[White "Gutierrez Olivares, Daniel"]
[Black "Navarro Molina, David"]
[Site "Arucas"]
[Round "6"]
[Result "1/2-1/2"]
[Date "2011.06.21"]
[WhiteElo "2228"]
[BlackElo "2048"]
[PlyCount "42"]
[EventDate "2011.06.13"]
[EventType "swiss"]
[EventRounds "6"]
[EventCountry "ESP"]
[SourceTitle "EXT 2012"]
[Source "ChessBase"]
[SourceDate "2011.11.24"]
[SourceVersion "1"]
[SourceVersionDate "2011.11.24"]
[SourceQuality "1"]

1. d4 Nf6 2. c4 e6 3. Nc3 Bb4 4. a3 Bxc3+ 5. bxc3 0-0 6. f3 Ne8 7. Nh3 b6 8. e4 Nc6 9. Bd3 Ba6 10. Qe2 Na5 11. e5 f6 12. Bf4 Rc8 13. 0-0 c5 14. Rac1 Qe7 15. a4 cxd4 16. cxd4 Qa3 17. Bd2 Nb3 18. Rc3 Qxa4 19. Qd1 Bxc4 20. Bxc4 Rxc4 21. Qxb3 Rxd4 1/2-1/2

[Event "Arucas op 7th"]
[White "Navarro Molina, David"]
[Black "Brito Garcia, Alfredo"]
[Site "Arucas"]
[Round "2"]
[Result "1-0"]
[Date "2011.06.14"]
[WhiteElo "2048"]
[BlackElo "2340"]
[PlyCount "67"]
[EventDate "2011.06.13"]
[EventType "swiss"]
[EventRounds "6"]
[EventCountry "ESP"]
[SourceTitle "EXT 2012"]
[Source "ChessBase"]
[SourceDate "2011.11.24"]
[SourceVersion "1"]
[SourceVersionDate "2011.11.24"]
[SourceQuality "1"]

1. d4 d6 2. c4 Nd7 3. Nc3 g6 4. e4 Bg7 5. Nf3 e5 6. Be2 Ne7 7. 0-0 0-0 8. Re1 exd4 9. Nxd4 Nc6 10. Be3 Re8 11. Qd2 Nc5 12. f3 Nxd4 13. Bxd4 Bxd4+ 14. Qxd4 Ne6 15. Qd2 c6 16. Kh1 Qb6 17. Rad1 Rd8 18. f4 f5 19. exf5 gxf5 20. Bf3 Qc7 21. Re3 Nxf4 22. Rde1 Ng6 23. Bh5 f4 24. Re8+ Rxe8 25. Rxe8+ Kf7 26. Rh8 Kg7 27. Qd4+ Ne5 28. Qxf4 Bg4 29. Rxa8 Bxh5 30. Qf8+ Kg6 31. Ne4 Nf7 32. Qg8+ Kh6 33. g4 Qe7 34. Re8 1-0

[Event "Canarias-ch U20"]
[White "Molina Rodriguez, Borja"]
[Black "Navarro Molina, David"]
[Site "Tenerife"]
[Round "3"]
[Result "1-0"]
[Date "2011.06.10"]
[WhiteElo "2138"]
[BlackElo "2048"]
[PlyCount "81"]
[EventDate "2011.06.08"]
[EventType "tourn"]
[EventRounds "7"]
[EventCountry "ESP"]
[SourceTitle "EXT 2013"]
[Source "ChessBase"]
[SourceDate "2012.11.22"]
[SourceVersion "1"]
[SourceVersionDate "2012.11.22"]
[SourceQuality "1"]

1. e4 c5 2. Nf3 e6 3. d4 cxd4 4. Nxd4 Nc6 5. Nc3 Qc7 6. Be3 a6 7. Qd2 b5 8. 0-0-0 b4 9. Na4 Nf6 10. f3 Ne5 11. Nb3 Rb8 12. Qf2 Be7 13. Ba7 Ra8 14. Bc5 Bxc5 15. Qxc5 Qxc5 16. Nbxc5 a5 17. Be2 Ke7 18. f4 Nc6 19. e5 Nd5 20. Rxd5 exd5 21. Nb6 Rb8 22. Nxd5+ Kd8 23. Rd1 Ne7 24. Ne3 Kc7 25. Nc4 Rb5 26. Nd3 f6 27. Bf3 Ba6 28. Nd6 Rb6 29. Nc5 Rhb8 30. Bg4 f5 31. Nxf5 Nxf5 32. Bxf5 Rf8 33. Bxd7 Rxf4 34. e6 Kd8 35. Ba4+ Ke7 36. Rd7+ Kf8 37. e7+ Kf7 38. e8Q+ Kxe8 39. Rd4+ Bb5 40. Rxf4 Bxa4 41. Nxa4 1-0